| 000 | 01073cam a2200349 i 4500 | ||
|---|---|---|---|
| 999 |
_c200442144 _d60356 |
||
| 001 | 200442144 | ||
| 003 | TR-AnTOB | ||
| 005 | 20210713163457.0 | ||
| 007 | ta | ||
| 008 | 201223s2017 tu a $r01 $$$$ tturu | ||
| 020 | _a9786059275668 | ||
| 040 |
_aTR-AnTOB _beng _erda _cTR-AnTOB |
||
| 041 | 0 | _atur | |
| 044 | _ctu | ||
| 050 | 1 | 4 |
_aBP135 _b.E72 2017 |
| 090 |
_aBP135 _b.E72 2017 |
||
| 100 | 1 |
_aEr, İbrahim Halil _eauthor _9131556 |
|
| 245 | 1 | 0 |
_aHz. Muhammed’in (S.A.V)'in mektupları / _cİbrahim Halil Er. |
| 246 | _aHazreti Muhammed’in (S.A.V)'in mektupları. | ||
| 250 | _a1. baskı: Kasım, 2017 | ||
| 264 | 1 |
_aİstanbul : _bMevsimler Kitap, _c2017. |
|
| 300 |
_a319 pages : _billustrations ; _c21 cm |
||
| 336 |
_atext _btxt _2rdacontent |
||
| 337 |
_aunmediated _bn _2rdamedia |
||
| 338 |
_avolume _bnc _2rdacarrier |
||
| 504 | _aIncludes bibliographical references. | ||
| 600 | 0 | 0 |
_aMuhammed, _cPeygamber, _d-632 _9122735 |
| 650 | _at | ||
| 650 | 7 |
_aHadis _2etuturkob _9114242 _xEleştiri, yorum, vb. |
|
| 942 |
_2lcc _cBK |
||